[Event "Charleroi op"]
[Site "Charleroi"]
[Date "2011.07.30"]
[Round "1"]
[White "Sclacmender, Julien"]
[Black "Castiau, Julien"]
[Result "1-0"]
[WhiteElo "2221"]
[BlackElo "1758"]
[PlyCount "73"]
[EventDate "2011.07.30"]
[EventType "swiss"]
[EventRounds "9"]
[EventCountry "BEL"]
[SourceTitle "EXT 2012"]
[Source "ChessBase"]
[SourceDate "2011.11.24"]
[SourceVersion "1"]
[SourceVersionDate "2011.11.24"]
[SourceQuality "1"]

1. e4 e5 2. Bc4 Nf6 3. d3 Nc6 4. Nf3 d6 5. c3 Be6 6. Nbd2 Be7 7. 0-0 0-0 8. Re1 Na5 9. Bb5 Bd7 10. Bxd7 Nxd7 11. Nf1 c5 12. Ng3 Nc6 13. h3 a6 14. Nh2 Nf6 15. Nf5 Qd7 16. Ng4 Qe6 17. Qf3 Nxg4 18. Qxg4 Bf6 19. Bh6 g6 20. Bxf8 Rxf8 21. Ne3 Qxg4 22. hxg4 Ne7 23. g3 Rd8 24. Nd5 Nxd5 25. exd5 Kf8 26. Kg2 Re8 27. f4 exf4 28. Rxe8+ Kxe8 29. gxf4 h6 30. Kf3 Bg7 31. a4 Kd7 32. Ke4 b5 33. axb5 axb5 34. Ra7+ Ke8 35. Rb7 b4 36. cxb4 Bxb2 37. bxc5 1-0